[Event "CYCC U16U18 w"]
[Site "Sault Ste Marie CAN"]
[Date "2017.07.08"]
[Round "5.27"]
[White "Tao, Ellen"]
[Black "Belanger, Mackenzie"]
[Result "1-0"]
[WhiteElo "1490"]
[BlackElo "643"]
[WhiteFideId "-1"]
[WhiteFideId "-1"]
[PlyCount "53"]
[GameId "2160767908410724"]
[EventDate "2017.07.06"]
[EventType "swiss"]
[EventRounds "7"]
[EventCountry "CAN"]
[SourceTitle "hb 2017"]

1. e4 e5 2. Nf3 f6 3. Bc4 Nh6 4. d3 c6 5. c3 Qb6 6. O-O d5 7. exd5 e4 8. dxe4 Qd8 9. dxc6 Nxc6 10. Qxd8+ Nxd8 11. Bxh6 gxh6 12. Nbd2 Nc6 13. Rad1 a6 14. Rfe1 Bc5 15. e5 fxe5 16. Nxe5 Ne7 17. Ne4 Ba7 18. Nd6+ Kd8 19. Ndf7+ Kc7 20. Nxh8 b5 21. Bb3 Bb7 22. Rd7+ Kb6 23. Rxe7 Rxh8 24. Rd1 Ka5 25. Bc2 b4 26. Rxb7 Bc5 27. Nc6# 1-0

[Event "CYCC U16U18 w"]
[Site "Sault Ste Marie CAN"]
[Date "2017.07.09"]
[Round "6.25"]
[White "Tao, Ellen"]
[Black "Pobereshnikova, Agniya"]
[Result "1-0"]
[WhiteElo "1490"]
[BlackElo "1579"]
[WhiteFideId "-1"]
[WhiteFideId "-1"]
[PlyCount "63"]
[GameId "2160767908410727"]
[EventDate "2017.07.06"]
[EventType "swiss"]
[EventRounds "7"]
[EventCountry "CAN"]
[SourceTitle "hb 2017"]

1. e4 c5 2. Nf3 e6 3. d4 cxd4 4. Nxd4 a6 5. Nc3 Qc7 6. a3 Nf6 7. f4 d6 8. Nf3 Nbd7 9. Bd3 b5 10. h3 Bb7 11. Bd2 Be7 12. O-O O-O 13. Qe1 Nc5 14. Rc1 Qb6 15. Kh2 d5 16. e5 Nfe4 17. Be3 Nxc3 18. Qxc3 Rac8 19. Qd2 Qc6 20. Qf2 Ne4 21. Bxe4 dxe4 22. Nd4 Qc4 23. Qg3 Rfd8 24. f5 exf5 25. Nxf5 Bf8 26. Bh6 g6 27. Bg5 Rd7 28. Bf6 h5 29. Rf4 Qe6 30. Qg5 Kh7 31. Rh4 Qxf5 32. Rxh5+ 1-0

[Event "CYCC U16U18 w"]
[Site "Sault Ste Marie CAN"]
[Date "2017.07.10"]
[Round "7.24"]
[White "Tao, Rachel"]
[Black "Tao, Ellen"]
[Result "0-1"]
[WhiteElo "1682"]
[BlackElo "1490"]
[WhiteFideId "-1"]
[WhiteFideId "-1"]
[PlyCount "56"]
[GameId "2160767908410731"]
[EventDate "2017.07.06"]
[EventType "swiss"]
[EventRounds "7"]
[EventCountry "CAN"]
[SourceTitle "EXT 2022"]
[Source "ChessBase"]
[SourceDate "2021.10.06"]
[SourceVersion "1"]
[SourceVersionDate "2021.10.06"]
[SourceQuality "1"]

1. e4 c5 2. Nf3 Nc6 3. c4 e6 4. Nc3 Nf6 5. d4 cxd4 6. Nxd4 Bb4 7. f3 O-O 8. a3 Bxc3+ 9. bxc3 b6 10. Nxc6 dxc6 11. Qxd8 Rxd8 12. Be2 h6 13. Bf4 Bb7 14. O-O Rd7 15. Rfd1 Rad8 16. g4 Ba6 17. h4 Rxd1+ 18. Rxd1 Rxd1+ 19. Bxd1 Bxc4 20. Bb8 a6 21. a4 b5 22. axb5 axb5 23. e5 Nd5 24. Kf2 Nxc3 25. Bc2 b4 26. Bd6 b3 27. Be4 Nxe4+ 28. fxe4 b2 0-1

[Event "CYCC U16U18 w"]
[Site "Sault Ste Marie CAN"]
[Date "2017.07.10"]
[Round "7.28"]
[White "Belanger, Mackenzie"]
[Black "Pobereshnikova, Agniya"]
[Result "0-1"]
[WhiteElo "643"]
[BlackElo "1579"]
[WhiteFideId "-1"]
[WhiteFideId "-1"]
[PlyCount "76"]
[GameId "2160767908410734"]
[EventDate "2017.07.06"]
[EventType "swiss"]
[EventRounds "7"]
[EventCountry "CAN"]
[SourceTitle "hb 2017"]

1. e4 e5 2. Nh3 Nf6 3. f3 Bc5 4. d3 d5 5. c3 Nc6 6. b4 Bb6 7. exd5 Nxd5 8. b5 Nce7 9. d4 exd4 10. cxd4 Nf5 11. Bc4 Qe7+ 12. Qe2 Qxe2+ 13. Bxe2 Nxd4 14. Na3 O-O 15. Bd3 Re8+ 16. Kf2 Nc2+ 17. Kg3 Nxa1 18. Bc4 Nf6 19. Bb2 Nh5+ 20. Kh4 g6 21. Ng5 Re7 22. Rd1 c6 23. Bxa1 h6 24. Ne4 Rd7 25. Re1 Bd8+ 26. Kh3 Rd1+ 27. g4 Rxe1 28. Be5 Re3 29. Bd4 Rxf3+ 30. Kg2 Rxa3 31. Nd6 Nf4+ 32. Kf2 Bh4+ 33. Kf1 Be6 34. Ne4 Bxc4+ 35. Kg1 Rd3 36. Nf6+ Kf8 37. Nh7+ Ke8 38. Bc5 Rd1# 0-1

[Event "CYCC U18"]
[Site "Sault Ste Marie CAN"]
[Date "2017.07.06"]
[Round "1.6"]
[White "Doknjas, John"]
[Black "Robertson, Kole"]
[Result "1-0"]
[WhiteElo "2281"]
[BlackElo "1680"]
[WhiteFideId "-1"]
[WhiteFideId "-1"]
[PlyCount "95"]
[GameId "2160767908410735"]
[EventDate "2017.07.06"]
[EventType "swiss"]
[EventRounds "7"]
[EventCountry "CAN"]
[SourceTitle "hb 2017"]

1. d4 e6 2. c4 f5 3. g3 Nf6 4. Bg2 Be7 5. b3 O-O 6. Nf3 d6 7. O-O Ne4 8. Bb2 Bf6 9. Nc3 Qe8 10. Qd3 Qg6 11. b4 Nc6 12. b5 Ne7 13. Qc2 c6 14. a4 e5 15. dxe5 dxe5 16. Nxe4 fxe4 17. Nd2 e3 18. Qxg6 Nxg6 19. fxe3 Be6 20. bxc6 bxc6 21. Bxc6 Rac8 22. Bg2 Bg5 23. Rxf8+ Rxf8 24. Ra3 Rd8 25. Ne4 Be7 26. Rc3 Bb4 27. Rc1 Bd2 28. Nxd2 Rxd2 29. Ba3 Rxe2 30. Bd6 Kf7 31. c5 Ne7 32. Bxe5 Rxe3 33. Bd4 Re2 34. c6 Nc8 35. c7 g6 36. Rf1+ Ke8 37. Bc6+ Bd7 38. Bxd7+ Kxd7 39. Rf7+ Kc6 40. Rxh7 Re4 41. Bc3 Rxa4 42. Rg7 Ra2 43. Be5 a5 44. Rxg6+ Kb7 45. h4 Ne7 46. Rg7 Nc6 47. c8=Q+ Kxc8 48. Rc7+ 1-0

[Event "CYCC U18"]
[Site "Sault Ste Marie CAN"]
[Date "2017.07.06"]
[Round "1.7"]
[White "Ban, Sihao"]
[Black "Shi, Diwen"]
[Result "0-1"]
[WhiteElo "1566"]
[BlackElo "2278"]
[WhiteFideId "-1"]
[WhiteFideId "-1"]
[PlyCount "132"]
[GameId "2160767908410736"]
[EventDate "2017.07.06"]
[EventType "swiss"]
[EventRounds "7"]
[EventCountry "CAN"]
[SourceTitle "hb 2017"]

1. e4 c5 2. Nf3 g6 3. d4 cxd4 4. Qxd4 Nf6 5. e5 Nc6 6. Qc3 Nd5 7. Qb3 e6 8. Bg5 Qc7 9. c4 Nb6 10. Bf6 Rg8 11. Nc3 Na5 12. Nb5 Qc6 13. Nfd4 Nxb3 14. Nxc6 dxc6 15. Rd1 Bb4+ 16. Ke2 Nd5 17. Nc7+ Kd7 18. Nxa8 Na5 19. cxd5 cxd5 20. Rc1 Nc6 21. a3 Bf8 22. b4 Bh6 23. Rc3 b5 24. a4 Bb7 25. axb5 Nd4+ 26. Kd3 Nxb5 27. Rc5 Bc6 28. Kc2 Rc8 29. Kb2 Nd4 30. Ba6 Rb8 31. Kc3 Nf5 32. Nc7 Bf8 33. Bb5 Bxc5 34. Bxc6+ Kxc7 35. bxc5 Kxc6 36. Ra1 Rb7 37. Ra5 h5 38. g3 Nh6 39. h3 Ng8 40. Bg5 Ne7 41. g4 hxg4 42. hxg4 Nc8 43. Be3 Rb1 44. Ra4 Kb5 45. Rf4 a5 46. Rxf7 Kc6 47. Rf6 a4 48. Rxe6+ Kb7 49. Kc2 Rb4 50. Rxg6 a3 51. Rh6 d4 52. Bc1 Rc4+ 53. Kd2 a2 54. Bb2 Rxc5 55. e6 Rb5 56. Kc1 d3 57. Rh1 Rc5+ 58. Kd1 Rc2 59. Bd4 Rxf2 60. Rg1 Ne7 61. g5 Nf5 62. Bxf2 a1=Q+ 63. Kd2 Qb2+ 64. Kxd3 Qxf2 65. Rb1+ Kc6 66. Rc1+ Kd5 0-1

[Event "CYCC U18"]
[Site "Sault Ste Marie CAN"]
[Date "2017.07.06"]
[Round "1.8"]
[White "Adamo, Brendan"]
[Black "Renaud, Alexandre"]
[Result "1-0"]
[WhiteElo "2166"]
[BlackElo "1168"]
[WhiteFideId "-1"]
[WhiteFideId "-1"]
[PlyCount "53"]
[GameId "2160767908410737"]
[EventDate "2017.07.06"]
[EventType "swiss"]
[EventRounds "7"]
[EventCountry "CAN"]
[SourceTitle "hb 2017"]

1. e4 c5 2. Nc3 Nc6 3. f4 e6 4. Nf3 d5 5. Bb5 Bd7 6. d3 d4 7. Ne2 Qa5+ 8. Bd2 Qxb5 9. b3 Nf6 10. h3 Be7 11. O-O Nh5 12. f5 Bf6 13. g4 exf5 14. exf5 Ne5 15. Nxe5 Bxe5 16. gxh5 Qc6 17. Bf4 Qd6 18. Qd2 Bxf5 19. Bxe5 Qxe5 20. Qf4 Qxf4 21. Nxf4 O-O 22. Rae1 Rae8 23. Kg2 g6 24. Nd5 Kg7 25. a4 Kh6 26. Kg3 Kxh5 27. Rxe8 1-0

[Event "CYCC U18"]
[Site "Sault Ste Marie CAN"]
[Date "2017.07.06"]
[Round "1.9"]
[White "McGovern, Michael"]
[Black "Zhong, Joey"]
[Result "0-1"]
[WhiteElo "1160"]
[BlackElo "2156"]
[WhiteFideId "-1"]
[WhiteFideId "-1"]
[PlyCount "44"]
[GameId "2160767908410738"]
[EventDate "2017.07.06"]
[EventType "swiss"]
[EventRounds "7"]
[EventCountry "CAN"]
[SourceTitle "hb 2017"]

1. d4 Nf6 2. Nf3 c5 3. e3 g6 4. Bd3 Bg7 5. O-O O-O 6. b3 d5 7. Bb2 cxd4 8. exd4 Nc6 9. a3 Nh5 10. Qc1 Qd6 11. Re1 Nf4 12. Bf1 Bf5 13. c4 dxc4 14. Ne5 Nd3 15. Bxd3 cxd3 16. Nxc6 bxc6 17. Qc4 Qf4 18. Bc3 Rac8 19. Rxe7 Rce8 20. Re1 Rxe1+ 21. Bxe1 Re8 22. Bc3 Qc1+ 0-1

[Event "CYCC U18"]
[Site "Sault Ste Marie CAN"]
[Date "2017.07.06"]
[Round "1.10"]
[White "Petersen, Caleb"]
[Black "Situ, Andrew"]
[Result "1-0"]
[WhiteElo "2107"]
[BlackElo "1028"]
[WhiteFideId "-1"]
[WhiteFideId "-1"]
[PlyCount "51"]
[GameId "2160767908410739"]
[EventDate "2017.07.06"]
[EventType "swiss"]
[EventRounds "7"]
[EventCountry "CAN"]
[SourceTitle "hb 2017"]

1. e4 e6 2. d4 d5 3. Nc3 c5 4. Nf3 Qb6 5. exd5 exd5 6. Nxd5 Qe6+ 7. Qe2 Qxe2+ 8. Bxe2 Kd8 9. Bf4 a6 10. Nb6 Nc6 11. Nxa8 Bd7 12. Nb6 Nf6 13. Ne5 Be6 14. O-O-O Ke8 15. d5 Nd4 16. Rxd4 cxd4 17. dxe6 fxe6 18. a4 Bc5 19. a5 Nd5 20. Nxd5 exd5 21. Bh5+ g6 22. Nd3 Be7 23. Re1 Kf7 24. Bf3 Bd8 25. Bxd5+ Kf8 26. Bh6# 1-0

[Event "CYCC U18"]
[Site "Sault Ste Marie CAN"]
[Date "2017.07.06"]
[Round "1.11"]
[White "Brousseau, Joshua"]
[Black "Hay, Jonathan"]
[Result "0-1"]
[WhiteElo "1021"]
[BlackElo "1940"]
[WhiteFideId "-1"]
[WhiteFideId "-1"]
[PlyCount "80"]
[GameId "2160767908410740"]
[EventDate "2017.07.06"]
[EventType "swiss"]
[EventRounds "7"]
[EventCountry "CAN"]
[SourceTitle "hb 2017"]

1. e4 c6 2. d4 d5 3. Nc3 dxe4 4. Nxe4 Bf5 5. Bd3 Qxd4 6. Qe2 Bxe4 7. Qxe4 Qxe4+ 8. Bxe4 Nf6 9. Bd3 Nbd7 10. Nf3 e6 11. Be3 Bc5 12. Bxc5 Nxc5 13. Ne5 Nxd3+ 14. Nxd3 Ke7 15. Ne5 Rhd8 16. c4 Rd4 17. O-O Rad8 18. f3 Nd7 19. Nxd7 R8xd7 20. b3 Rd2 21. Rf2 Kf6 22. g4 Kg5 23. Kg2 Kf4 24. Re1 Rxf2+ 25. Kxf2 Rd2+ 26. Re2 Rxe2+ 27. Kxe2 c5 28. a3 a5 29. h4 f6 30. Kf2 g6 31. Kg2 f5 32. g5 Ke3 33. Kg3 e5 34. Kg2 f4 35. a4 b6 36. Kh3 Kxf3 37. h5 e4 38. hxg6 hxg6 39. b4 axb4 40. a5 bxa5 0-1

[Event "CYCC U18"]
[Site "Sault Ste Marie CAN"]
[Date "2017.07.06"]
[Round "1.12"]
[White "Colvin, Andrew"]
[Black "Cloutier, Daniel"]
[Result "1-0"]
[WhiteElo "1903"]
[BlackElo "922"]
[WhiteFideId "-1"]
[WhiteFideId "-1"]
[PlyCount "75"]
[GameId "2160767908410741"]
[EventDate "2017.07.06"]
[EventType "swiss"]
[EventRounds "7"]
[EventCountry "CAN"]
[SourceTitle "hb 2017"]

1. d4 Nf6 2. Nf3 g6 3. c4 Bg7 4. Nc3 O-O 5. e4 d6 6. Be2 c6 7. h3 Re8 8. Bg5 Qc7 9. Qd2 Bd7 10. O-O e5 11. d5 c5 12. Nh2 Qc8 13. f4 Nh5 14. Bxh5 gxh5 15. f5 f6 16. Bh6 Re7 17. Kh1 Qf8 18. Be3 Be8 19. a3 Nd7 20. Nb5 Rf7 21. Nc7 Rb8 22. Ne6 Qe7 23. Nf3 Nb6 24. b3 Na8 25. Nh4 Nc7 26. Rg1 Kh8 27. Bh6 Nxe6 28. fxe6 Rf8 29. Nf5 Bxh6 30. Qxh6 Bg6 31. Nxe7 Bxe4 32. Rge1 Rfe8 33. Rxe4 Rxe7 34. Qxf6+ Rg7 35. Rf1 Kg8 36. e7 Re8 37. Qf8+ Rxf8 38. Rxf8# 1-0

[Event "CYCC U18"]
[Site "Sault Ste Marie CAN"]
[Date "2017.07.06"]
[Round "2.6"]
[White "Hay, Jonathan"]
[Black "Doknjas, John"]
[Result "1/2-1/2"]
[WhiteElo "1940"]
[BlackElo "2281"]
[WhiteFideId "-1"]
[WhiteFideId "-1"]
[PlyCount "34"]
[GameId "2160767908410743"]
[EventDate "2017.07.06"]
[EventType "swiss"]
[EventRounds "7"]
[EventCountry "CAN"]
[SourceTitle "hb 2017"]

1. d4 Nf6 2. Bf4 e6 3. Nf3 c5 4. e3 Nc6 5. c3 d5 6. Nbd2 Bd6 7. Bg3 O-O 8. Bd3 b6 9. e4 Be7 10. e5 Nh5 11. Ng5 Bxg5 12. Qxh5 g6 13. Qe2 cxd4 14. h4 Bh6 15. h5 g5 16. Ne4 Bg7 17. f4 h6 1/2-1/2

[Event "CYCC U18"]
[Site "Sault Ste Marie CAN"]
[Date "2017.07.06"]
[Round "2.7"]
[White "Shi, Diwen"]
[Black "Petersen, Caleb"]
[Result "1/2-1/2"]
[WhiteElo "2287"]
[BlackElo "2107"]
[WhiteFideId "-1"]
[WhiteFideId "-1"]
[PlyCount "42"]
[GameId "2160767908410744"]
[EventDate "2017.07.06"]
[EventType "swiss"]
[EventRounds "7"]
[EventCountry "CAN"]
[SourceTitle "hb 2017"]

1. Nc3 d5 2. e4 d4 3. Nce2 c5 4. Nf3 Nf6 5. Ng3 Nc6 6. Bb5 Qb6 7. a4 a6 8. Bxc6+ Qxc6 9. d3 Bg4 10. h3 Bxf3 11. Qxf3 Nd7 12. O-O g6 13. Bg5 Bg7 14. b3 b5 15. axb5 axb5 16. Qe2 e5 17. Bd2 O-O 18. f4 exf4 19. Bxf4 Ne5 20. Qd2 Rxa1 21. Rxa1 Ra8 1/2-1/2

[Event "CYCC U18"]
[Site "Sault Ste Marie CAN"]
[Date "2017.07.06"]
[Round "2.8"]
[White "Greeson, Vincent Greeson"]
[Black "Adamo, Brendan"]
[Result "1-0"]
[WhiteElo "1786"]
[BlackElo "2166"]
[WhiteFideId "-1"]
[WhiteFideId "-1"]
[PlyCount "73"]
[GameId "2160767908410745"]
[EventDate "2017.07.06"]
[EventType "swiss"]
[EventRounds "7"]
[EventCountry "CAN"]
[SourceTitle "EXT 2022"]
[Source "ChessBase"]
[SourceDate "2021.10.06"]
[SourceVersion "1"]
[SourceVersionDate "2021.10.06"]
[SourceQuality "1"]

1. d4 Nf6 2. c4 g6 3. Nc3 Bg7 4. Nf3 d6 5. e4 O-O 6. Be2 e5 7. d5 a5 8. Be3 Ng4 9. Bg5 Nf6 10. O-O Na6 11. a3 Qe8 12. b4 axb4 13. axb4 Bd7 14. c5 h6 15. Bxf6 Bxf6 16. c6 Bxc6 17. dxc6 Nxb4 18. cxb7 Rxa1 19. Qxa1 Qb8 20. Rb1 c5 21. Nd5 Nxd5 22. exd5 Kg7 23. Nd2 e4 24. Qa4 e3 25. fxe3 Re8 26. Qxe8 Qxe8 27. b8=Q Qxe3+ 28. Kh1 Qxe2 29. Nf3 g5 30. Qxd6 Qc2 31. Rf1 Qe2 32. Nd2 Bc3 33. Qd7 Qh5 34. Nc4 Bd4 35. Nd6 Bf2 36. Qxf7+ Qxf7 37. Nxf7 1-0

[Event "CYCC U18"]
[Site "Sault Ste Marie CAN"]
[Date "2017.07.06"]
[Round "2.10"]
[White "Robertson, Kole"]
[Black "Colvin, Andrew"]
[Result "1/2-1/2"]
[WhiteElo "1680"]
[BlackElo "1905"]
[WhiteFideId "-1"]
[WhiteFideId "-1"]
[PlyCount "34"]
[GameId "2160767908410747"]
[EventDate "2017.07.06"]
[EventType "swiss"]
[EventRounds "7"]
[EventCountry "CAN"]
[SourceTitle "hb 2017"]

1. b3 e5 2. Bb2 Nc6 3. c4 Nf6 4. e3 Be7 5. d3 d5 6. cxd5 Nxd5 7. Nf3 Bf6 8. Nbd2 O-O 9. Be2 Re8 10. O-O g6 11. a3 Bg7 12. Qc2 f5 13. Rfd1 Qe7 14. b4 a6 15. Nb3 Nb6 16. Nc5 Nd7 17. Nb3 Nb6 1/2-1/2

[Event "CYCC U18"]
[Site "Sault Ste Marie CAN"]
[Date "2017.07.06"]
[Round "2.11"]
[White "Situ, Andrew"]
[Black "Ban, Sihao"]
[Result "0-1"]
[WhiteElo "1028"]
[BlackElo "1566"]
[WhiteFideId "-1"]
[WhiteFideId "-1"]
[PlyCount "58"]
[GameId "2160767908410748"]
[EventDate "2017.07.06"]
[EventType "swiss"]
[EventRounds "7"]
[EventCountry "CAN"]
[SourceTitle "hb 2017"]

1. e4 e5 2. Nf3 Nc6 3. Bc4 Nf6 4. Ng5 d5 5. exd5 Na5 6. b3 Nxc4 7. bxc4 Nxd5 8. d3 Nb4 9. Ba3 Qxg5 10. Bxb4 Bxb4+ 11. c3 Qxg2 12. Rf1 Bh3 13. Kd2 Qxf1 14. Qa4+ c6 15. Qxb4 O-O-O 16. Kc2 Qxd3+ 17. Kb3 Qd1+ 18. Ka3 Qc1+ 19. Ka4 Bd7 20. c5 Qf4 21. c4 Be6 22. Na3 Rd4 23. Ka5 Bxc4 24. Rb1 Bb5 25. Nxb5 Rxb4 26. Nd6+ Kc7 27. Rxb4 b6+ 28. Ka4 Qd2 29. Rb3 Qa5# 0-1

[Event "CYCC U18"]
[Site "Sault Ste Marie CAN"]
[Date "2017.07.06"]
[Round "2.12"]
[White "Renaud, Alexandre"]
[Black "Brousseau, Joshua"]
[Result "0-1"]
[WhiteElo "1164"]
[BlackElo "1021"]
[WhiteFideId "-1"]
[WhiteFideId "-1"]
[PlyCount "58"]
[GameId "2160767908410749"]
[EventDate "2017.07.06"]
[EventType "swiss"]
[EventRounds "7"]
[EventCountry "CAN"]
[SourceTitle "hb 2017"]

1. d4 d5 2. c4 c6 3. e3 Nf6 4. Nf3 Bg4 5. Be2 dxc4 6. Bxc4 e6 7. Nc3 Bb4 8. O-O O-O 9. Be2 Nbd7 10. a3 Bd6 11. b4 Qc7 12. b5 Bxf3 13. Bxf3 Bxh2+ 14. Kh1 Bd6 15. Ne4 Nxe4 16. Bxe4 cxb5 17. Qh5 Nf6 18. Qh4 Nxe4 19. Qxe4 f5 20. Qxe6+ Rf7 21. Qd5 Rd8 22. Qxb5 Rf6 23. e4 fxe4 24. Qd5+ Kf8 25. Qxe4 h6 26. Bb2 Rf4 27. Rfc1 Rxe4 28. Rxc7 Bxc7 29. g3 Re2 0-1

[Event "CYCC U18"]
[Site "Sault Ste Marie CAN"]
[Date "2017.07.06"]
[Round "2.13"]
[White "Cloutier, Daniel"]
[Black "McGovern, Michael"]
[Result "0-1"]
[WhiteElo "992"]
[BlackElo "1160"]
[WhiteFideId "-1"]
[WhiteFideId "-1"]
[PlyCount "134"]
[GameId "2160767908410750"]
[EventDate "2017.07.06"]
[EventType "swiss"]
[EventRounds "7"]
[EventCountry "CAN"]
[SourceTitle "hb 2017"]

1. d4 Nf6 2. c4 g6 3. Nf3 Bg7 4. Nc3 O-O 5. e4 d6 6. h3 e5 7. d5 a5 8. Be3 Nh5 9. Qd2 f5 10. Bg5 Nf6 11. Bd3 f4 12. O-O-O Qe8 13. Be2 Nfd7 14. g3 h6 15. h4 hxg5 16. Nxg5 Nf6 17. gxf4 exf4 18. Qxf4 Nxd5 19. Qg3 Nxc3 20. bxc3 Qe5 21. Qe3 Qxc3+ 22. Qxc3 Bxc3 23. Rdg1 Rxf2 24. Bd3 Rxa2 25. Nf3 Kf7 26. e5 Bf5 27. Bxf5 gxf5 28. Ng5+ Ke7 29. Rh3 Ra1+ 30. Kc2 Rxg1 31. exd6+ Kxd6 32. Rxc3 Rh1 33. c5+ Kd7 34. Nf3 Nc6 35. Rd3+ Kc8 36. Re3 b6 37. cxb6 cxb6 38. Rc3 Kb7 39. Rc4 a4 40. Kb2 a3+ 41. Ka2 Rf1 42. h5 Rxf3 43. h6 Rh3 44. Rf4 Rxh6 45. Rxf5 b5 46. Rxb5+ Kc7 47. Rb1 Rh2+ 48. Ka1 Rg8 49. Rf1 Rgh8 50. Rf7+ Kb6 51. Rf3 Rh1+ 52. Ka2 R8h2+ 53. Kxa3 Rh3 54. Rb3+ Rxb3+ 55. Kxb3 Rc1 56. Kb2 Rc5 57. Kb3 Ne7 58. Kb4 Kc6 59. Kb3 Kd5 60. Kb4 Kd4 61. Kb3 Rc4 62. Kb2 Rc3 63. Kb1 Kd3 64. Kb2 Ng8 65. Kb1 Rc2 66. Ka1 Rh2 67. Kb1 Kc3 0-1

[Event "CYCC U18"]
[Site "Sault Ste Marie CAN"]
[Date "2017.07.07"]
[Round "3.7"]
[White "Doknjas, John"]
[Black "Shi, Diwen"]
[Result "1/2-1/2"]
[WhiteElo "2281"]
[BlackElo "2278"]
[WhiteFideId "-1"]
[WhiteFideId "-1"]
[PlyCount "91"]
[GameId "2160767908410752"]
[EventDate "2017.07.06"]
[EventType "swiss"]
[EventRounds "7"]
[EventCountry "CAN"]
[SourceTitle "hb 2017"]

1. d4 Nf6 2. c4 Nc6 3. Nf3 e6 4. a3 d6 5. Nc3 g6 6. e4 Bg7 7. h3 O-O 8. Be3 Re8 9. Bd3 a5 10. O-O Nh5 11. g4 Nf6 12. e5 dxe5 13. dxe5 Nd7 14. Bg5 Re7 15. Be4 Ncxe5 16. Nxe5 Bxe5 17. Bxe7 Qxe7 18. f4 Bg7 19. Kg2 Nc5 20. Bf3 Ra6 21. Qc2 Qf6 22. Ne4 Nxe4 23. Bxe4 Qxb2 24. Qxb2 Bxb2 25. Rad1 Rd6 26. c5 Rxd1 27. Rxd1 Bf6 28. Rb1 Bd4 29. Rd1 Bf6 30. Rb1 Bd4 31. Rc1 b6 32. cxb6 Bxb6 33. Bc6 Kf8 34. Rd1 Ke7 35. Kf3 Bc5 36. a4 Bd6 37. Rb1 Bb4 38. Rd1 Bd6 39. Ke4 Ba6 40. Kf3 Bc8 41. h4 Kf6 42. g5+ Ke7 43. Re1 Bb4 44. Rd1 Bd6 45. Re1 Bb4 46. Rd1 1/2-1/2

[Event "CYCC U18"]
[Site "Sault Ste Marie CAN"]
[Date "2017.07.07"]
[Round "3.8"]
[White "Colvin, Andrew"]
[Black "Hay, Jonathan"]
[Result "1/2-1/2"]
[WhiteElo "1905"]
[BlackElo "1940"]
[WhiteFideId "-1"]
[WhiteFideId "-1"]
[PlyCount "52"]
[GameId "2160767908410753"]
[EventDate "2017.07.06"]
[EventType "swiss"]
[EventRounds "7"]
[EventCountry "CAN"]
[SourceTitle "hb 2017"]

1. d4 c6 2. c4 d5 3. cxd5 cxd5 4. Nc3 Nf6 5. Nf3 Nc6 6. Bf4 a6 7. e3 Bg4 8. Be2 e6 9. Rc1 Be7 10. O-O Nh5 11. Ne5 Bxe2 12. Nxe2 Nxf4 13. exf4 Nxe5 14. fxe5 O-O 15. Qb3 Qd7 16. Nf4 Rfc8 17. Nd3 Rxc1 18. Rxc1 Rc8 19. Rc3 g6 20. g3 Kg7 21. Kg2 Rxc3 22. Qxc3 Qb5 23. b3 a5 24. a4 Bb4 25. Nxb4 Qxb4 26. Qxb4 axb4 1/2-1/2

[Event "CYCC U18"]
[Site "Sault Ste Marie CAN"]
[Date "2017.07.07"]
[Round "3.9"]
[White "Petersen, Caleb"]
[Black "Adamo, Brendan"]
[Result "1-0"]
[WhiteElo "2107"]
[BlackElo "2166"]
[WhiteFideId "-1"]
[WhiteFideId "-1"]
[PlyCount "107"]
[GameId "2160767908410754"]
[EventDate "2017.07.06"]
[EventType "swiss"]
[EventRounds "7"]
[EventCountry "CAN"]
[SourceTitle "hb 2017"]

1. e4 e5 2. Nf3 Nc6 3. Bb5 Bc5 4. O-O d6 5. d4 exd4 6. Nxd4 Bd7 7. c3 Nge7 8. Bg5 O-O 9. Be2 Qb8 10. Nd2 Ng6 11. Be3 a6 12. f4 f5 13. Bd3 Nce7 14. Qe1 Kh8 15. N2b3 Bb6 16. Rd1 Qe8 17. g3 Rc8 18. exf5 Bxd4 19. Nxd4 Nxf5 20. Nxf5 Bxf5 21. Bxf5 Rxf5 22. Qf2 Qb5 23. b3 Re8 24. Rfe1 Rf7 25. Bd4 Rfe7 26. Rxe7 Rxe7 27. Re1 Qe8 28. Rxe7 Qxe7 29. Qe3 Kg8 30. Kf2 Kf7 31. Qf3 c6 32. Qh5 Kg8 33. Qf5 Nf8 34. Qc8 Qd7 35. Qxd7 Nxd7 36. Kf3 Kf7 37. c4 Nf6 38. g4 g6 39. f5 Ne8 40. Kf4 Nf6 41. Bxf6 Kxf6 42. g5+ Ke7 43. f6+ Ke6 44. Ke4 a5 45. a3 a4 46. b4 b6 47. b5 c5 48. h3 d5+ 49. cxd5+ Kd6 50. h4 Kd7 51. Ke5 Ke8 52. d6 c4 53. Kd4 Kd7 54. f7 1-0

[Event "CYCC U18"]
[Site "Sault Ste Marie CAN"]
[Date "2017.07.07"]
[Round "3.12"]
[White "Brousseau, Joshua"]
[Black "Robertson, Kole"]
[Result "1-0"]
[WhiteElo "1021"]
[BlackElo "1680"]
[WhiteFideId "-1"]
[WhiteFideId "-1"]
[PlyCount "66"]
[GameId "2160767908410757"]
[EventDate "2017.07.06"]
[EventType "swiss"]
[EventRounds "7"]
[EventCountry "CAN"]
[SourceTitle "hb 2017"]

1. e4 e6 2. Nf3 d5 3. e5 c5 4. d4 Nc6 5. Bb5 Qb6 6. Nc3 Bd7 7. Be3 a6 8. dxc5 Bxc5 9. Bxc5 Qxc5 10. Bxc6 bxc6 11. Qd4 Qa5 12. b4 Qc7 13. O-O c5 14. Qxc5 Qxc5 15. bxc5 Rc8 16. Ne2 Bb5 17. Nfd4 Bxe2 18. Nxe2 Rxc5 19. Rac1 Ne7 20. c3 Nc6 21. f4 Ke7 22. Nd4 Rc8 23. Nb3 Rc4 24. Nd2 Ra4 25. Rc2 Nd4 26. Rb2 Ne2+ 27. Kf2 Nxc3 28. Kf3 Nb5 29. Nb1 Rcc4 30. Kg4 Kd7 31. Nd2 Rc7 32. Nb3 Nc3 33. Rc1 Rxf4+ 1-0

[Event "CYCC U18"]
[Site "Sault Ste Marie CAN"]
[Date "2017.07.07"]
[Round "3.13"]
[White "Situ, Andrew"]
[Black "Renaud, Alexandre"]
[Result "1/2-1/2"]
[WhiteElo "1028"]
[BlackElo "1168"]
[WhiteFideId "-1"]
[WhiteFideId "-1"]
[PlyCount "44"]
[GameId "2160767908410758"]
[EventDate "2017.07.06"]
[EventType "swiss"]
[EventRounds "7"]
[EventCountry "CAN"]
[SourceTitle "hb 2017"]

1. e4 c5 2. Nc3 Nc6 3. Nf3 e5 4. Bb5 d6 5. b3 Nf6 6. Ba3 a6 7. Be2 Nd4 8. Bb2 Nxe2 9. Nxe2 Nxe4 10. c3 b5 11. d4 cxd4 12. cxd4 Bg4 13. Qd3 Bf5 14. Qd1 Ng5 15. dxe5 Nxf3+ 16. gxf3 Be7 17. exd6 Bxd6 18. Bxg7 Bb4+ 19. Bc3 Bxc3+ 20. Nxc3 Qe7+ 21. Qe2 Qxe2+ 22. Nxe2 O-O 1/2-1/2

[Event "CYCC U18"]
[Site "Sault Ste Marie CAN"]
[Date "2017.07.07"]
[Round "4.1"]
[White "Zhong, Joey"]
[Black "Petersen, Caleb"]
[Result "1-0"]
[WhiteElo "2156"]
[BlackElo "2107"]
[WhiteFideId "-1"]
[WhiteFideId "-1"]
[PlyCount "83"]
[GameId "2160767908410759"]
[EventDate "2017.07.06"]
[EventType "swiss"]
[EventRounds "7"]
[EventCountry "CAN"]
[SourceTitle "hb 2017"]

1. c4 c5 2. Nc3 Nf6 3. Nf3 e6 4. e4 d6 5. Be2 a6 6. O-O Be7 7. d4 cxd4 8. Nxd4 Qc7 9. Be3 Nbd7 10. f4 O-O 11. Bf3 Qxc4 12. Rc1 Qb4 13. Nb3 Nc5 14. Nxc5 dxc5 15. e5 Rd8 16. exf6 Rxd1 17. fxe7 Rxf1+ 18. Rxf1 Bd7 19. Rd1 Be8 20. Rd8 f5 21. Rxa8 Kf7 22. Ra7 Qxb2 23. Nd1 Qb4 24. Kf2 b5 25. Rxa6 Qb1 26. Kg3 Qc2 27. Ra7 b4 28. Rc7 c4 29. Bc5 Qb1 30. Rc8 Ba4 31. Bh5+ g6 32. Rf8+ Kg7 33. Bd4+ Kh6 34. Bf3 Qd3 35. Bf6 c3 36. Rf7 Qxf3+ 37. gxf3 g5 38. fxg5+ Kg6 39. Rg7+ Kh5 40. Rxh7+ Kg6 41. Rg7+ Kh5 42. Nxc3 1-0